|
|
|
|
| LEADER |
03170nam a2200433 a 4500 |
| 001 |
EBC1209500 |
| 003 |
MiAaPQ |
| 005 |
20200520144314.0 |
| 006 |
m o d | |
| 007 |
cr cn||||||||| |
| 008 |
130415s2013 nyubd sb 001 0 eng d |
| 010 |
|
|
|z 2013014650
|
| 020 |
|
|
|z 9780230349940
|
| 020 |
|
|
|z 9781137314277 (e-book)
|
| 035 |
|
|
|a (MiAaPQ)EBC1209500
|
| 035 |
|
|
|a (Au-PeEL)EBL1209500
|
| 035 |
|
|
|a (CaPaEBR)ebr10717660
|
| 035 |
|
|
|a (CaONFJC)MIL495579
|
| 035 |
|
|
|a (OCoLC)844772775
|
| 040 |
|
|
|a MiAaPQ
|c MiAaPQ
|d MiAaPQ
|
| 043 |
|
|
|a e------
|
| 050 |
|
4 |
|a HD7105.25.E85
|b D57 2013
|
| 082 |
0 |
4 |
|a 368.38/60941
|2 23
|
| 245 |
0 |
0 |
|a Disability benefits, welfare reform and employment policy
|h [electronic resource] /
|c edited by Colin Lindsay and Donald Houston.
|
| 260 |
|
|
|a New York :
|b Palgrave Macmillan,
|c 2013.
|
| 300 |
|
|
|a xv, 244 p. :
|b ill., maps.
|
| 490 |
1 |
|
|a Work and welfare in Europe
|
| 504 |
|
|
|a Includes bibliographical references and index.
|
| 505 |
0 |
|
|a List of figures -- List of tables -- Notes on contributors -- Fit for work? : representations and explanations of the disability benefits : crisis in the UK and beyond / Colin Lindsay and Donald Houston -- Disability benefits in the UK : an issue health or jobs? / Christina Beatty and Steve Fothergill -- A history of work-disability / John Macnicol -- Are incapacity benefit claimants beyond employment? : exploring issues of employability / Anne Green and Ian Shuttleworth -- Redefining "fit for work" : welfare reform and the introduction of employment support allowance / Helen Barnes and Paul Sissons -- A health problem? health and employability in the UK labour market / Jon Warren, Kayleigh Garthwaite and Clare Bambra -- The interaction of health, labour market conditions and long-term sickness benefit claims in a post-industrial city : a Glasgow case study / David Webster, Judith Brown, Ewan B. Macdonald and Ivan Turok -- The impact of the UK's disability benefit reforms / Christina Beatty, Steve Fothergill and Donald Houston -- Germany : attempting to activate the long-term unemployed with reduced working capacity / Martin Brussig and Matthias Knuth -- Incapacity benefits : change and continuity in the Swedish welfare state / Rickard Ulmestig -- From dutch disease to Dutch fitness? : two decades of disability crisis in the Netherlands / Rik van Berkel -- New Zealand's reform of sickness benefit and invalid's benefit / Neil Lunt and Daniel Horsfall -- Fit for purpose? : lessons for policies to address the disability benefits / Donald Houston and Colin Lindsay.
|
| 533 |
|
|
|a Electronic reproduction. Ann Arbor, MI : ProQuest, 2015. Available via World Wide Web. Access may be limited to ProQuest affiliated libraries.
|
| 650 |
|
0 |
|a Disability insurance
|z Europe.
|
| 650 |
|
0 |
|a People with disabilities
|x Employment
|z Europe.
|
| 651 |
|
0 |
|a Europe
|x Social policy.
|
| 655 |
|
4 |
|a Electronic books.
|
| 700 |
1 |
|
|a Lindsay, Colin
|c (Researcher)
|
| 700 |
1 |
|
|a Houston, Donald.
|
| 710 |
2 |
|
|a ProQuest (Firm)
|
| 830 |
|
0 |
|a Work and welfare in Europe.
|
| 856 |
4 |
0 |
|u https://ebookcentral.proquest.com/lib/matrademy/detail.action?docID=1209500
|z Click to View
|